| 000 | 00479nam a22001577a 4500 | ||
|---|---|---|---|
| 082 | _aT-117 | ||
| 100 |
_aZulfiqar Zafar, Major _948458 |
||
| 245 |
_aLaboratory study of properties of compacted soil of Kashmore _cZulfiqar Zafar, Major |
||
| 260 |
_aRisalpur _bMCE _c2001 |
||
| 300 | _a198 P, : | ||
| 526 |
_a0 _b0 _c0 _dT_117 |
||
| 650 |
_aMaster of Sciences in Civil Engineering _948459 |
||
| 650 |
_aThesis _934811 |
||
| 700 |
_aBrigadier Imtiaz Ahmed _948460 |
||
| 942 |
_2ddc _cBK |
||
| 999 |
_c551404 _d551404 |
||